Catalog

Record Details

Catalog Search



Available copies

  • 1 of 1 copy available at LARL/NWRL Consortium.

Current holds

0 current holds with 1 total copy.

Show Only Available Copies
Location Call Number / Copy Notes Barcode Shelving Location Status Due Date
Moorhead Public Library LARGE PRINT CAI (Text) 33500011769544 Main Available -

Record details

  • ISBN: 9781410470928 (large print : hardback)
  • ISBN: 141047092X (large print : hardcover)
  • Physical Description: 459 pages (large print) ; 23 cm.
  • Edition: Large print edition.
  • Publisher: Farmington Hills, Mich. : Wheeler Publishing, a part of Gale, Cengage Learning, 2014.

Content descriptions

Summary, etc.:
Famously kidnapped at age six, Kick Lannigan ... Read More
Subject: Kidnapping victims > Fiction.
Kidnapping > Fiction.
Post-traumatic stress disorder > Fiction.
Shooting > Fiction.
Large type books.
FICTION / Thrillers.
Kidnapping.
Kidnapping victims
Large type books.
Post-traumatic stress disorder
Shooting
Genre: Mystery fiction.
Suspense fiction.
Fiction.
LDR 02486cam a2200541 i 4500
001171214
003LARL_NWRL_CONSORTIUM
00520141017161434.0
008140605s2014 miu d 000 1 eng
020 . ‡a9781410470928 (large print : hardback)
020 . ‡a141047092X (large print : hardcover)
035 . ‡a(OCoLC)879248468
08200. ‡a813/.6 ‡223
084 . ‡aFIC031000 ‡2bisacsh
1001 . ‡aCain, Chelsea. ‡0(LARL_NWRL_CONSORTIUM)187465
24510. ‡aOne kick ‡n#1 ‡h[Large Print] / ‡cChelsea Cain.
250 . ‡aLarge print edition.
260 . ‡aFarmington Hills, Mich. : ‡bWheeler Publishing, a part of Gale, Cengage Learning, ‡c2014.
300 . ‡a459 pages (large print) ; ‡c23 cm.
336 . ‡atext ‡btxt ‡2rdacontent
337 . ‡aunmediated ‡bn ‡2rdamedia
338 . ‡avolume ‡bnc ‡2rdacarrier
340 . ‡nlarge print ‡2rda
4900 . ‡aKick Lannigan ; ‡v1
520 . ‡aFamously kidnapped at age six, Kick Lannigan captured America's hearts when she was rescued five years later. John Bishop uses his fortune and contacts to track down missing children. Not only is he convinced Kick, with her special talents, can help recover two missing children -- he won't take no for an answer. Little do they know that the answers they seek are hidden in the dark corners of Kick's own mind.
650 0. ‡aKidnapping victims ‡vFiction. ‡0(LARL_NWRL_CONSORTIUM)165840
650 0. ‡aKidnapping ‡vFiction. ‡0(LARL_NWRL_CONSORTIUM)165838
650 0. ‡aPost-traumatic stress disorder ‡vFiction. ‡0(LARL_NWRL_CONSORTIUM)174388
650 0. ‡aShooting ‡vFiction.
650 0. ‡aLarge type books. ‡0(LARL_NWRL_CONSORTIUM)24284
650 7. ‡aFICTION / Thrillers. ‡2bisacsh
650 7. ‡aKidnapping. ‡2fast ‡0(LARL_NWRL_CONSORTIUM)24027
650 7. ‡2fast ‡aKidnapping victims ‡0(LARL_NWRL_CONSORTIUM)12647
650 7. ‡aLarge type books. ‡2fast ‡0(LARL_NWRL_CONSORTIUM)24284
650 7. ‡2fast ‡aPost-traumatic stress disorder ‡0(LARL_NWRL_CONSORTIUM)28625
650 7. ‡2fast ‡aShooting ‡0(LARL_NWRL_CONSORTIUM)30910
655 7. ‡aMystery fiction. ‡2gsafd
655 0. ‡aSuspense fiction.
655 7. ‡aFiction. ‡2fast
901 . ‡a171214 ‡bOCLC ‡c171214 ‡tbiblio

Additional Resources